Enviromental Law (Record no. 40253)

MARC details
000 -LEADER
fixed length control field 00360nam a2200157Ia 4500
050 ## - CALL MARK
Classification number KN 94 .R6/
100 ## - STATEMENT OF RESPONSIBILITY--MAIN AUTHOR NAME
Personal name Nicholas, a.Robinson
245 #0 - TITLE STATEMENT
Title Enviromental Law
260 ## - PUBLICATION, DISTRIBUTION, ETC. (IMPRINT)
Place of publication New york
260 ## - PUBLICATION, DISTRIBUTION, ETC. (IMPRINT)
Name of publisher Law Journal Press
260 ## - PUBLICATION, DISTRIBUTION, ETC. (IMPRINT)
Year of publication 2014
650 ## - SUBJECT ADDED ENTRY--TOPICAL TERM
Topical Term New york
942 ## - ADDED ENTRY ELEMENTS (KOHA)
Koha item type Books
Holdings
Withdrawn status Lost status Source of classification or shelving scheme Damaged status Not for loan Permanent Location Current Location Date acquired Accession Number Price effective from Koha item type
    Library of Congress Classification     Law Library Law Library 06/03/2025 0191519 06/03/2025 Books
    Library of Congress Classification     Law Library Law Library 06/03/2025 0191520 06/03/2025 Books